000 00644cam a22002412a 4500
999 _c14251
_d14251
001 008444
003 AR-FADEU
005 20220805111221.0
008 311216n1984####xxu####################dd
020 _a84-86153-21-2
040 _cBiblioteca Ernesto Sábato
092 _a302.230 72
_bM435t
100 _aMattelart, Armand
245 _aTecnología, cultura y comunicación
260 _aBarcelona
260 _bMitre
260 _c1984
300 _a269 p. : cuad., graf
440 _aNuevos signos
650 _aCOMUNICACION SOCIAL-TECNOLOGIA; COMUNICACION SOCIAL-CULTURA
700 _aY., Stourdze
942 _cBDGR
_2ddc